Spidey a jeho úžasní přátelé : nové příběhy před usnutím /

Další dobrodružství superhrdinů. Tři dobrodružné příběhy sehrané party Spidey.

Uloženo v:
Hlavní autor: Behling, Steve (Autor adaptace)
Další autoři: Palfrey, Jack (Autor adaptace), Potužník, Lukáš (Autor adaptace), Behling, Steve. (Překladatel)
Médium: Kniha
Jazyk:Czech
Vydáno: V Praze : Alicanto, 2026
Vydání:1. vydání
Edice:Disney Junior (Alicanto)
Témata:
Celkem bylo vypůjčeno:0x
Tagy:
Žádné tagy
LEADER 02256nam a2200553 i 4500
001 106340
003 CZ PrNK
005 20260514074914.0
007 ta
008 260505s2026 xr a a 000 j cze
015 |a cnb003756579 
020 |a 9788025263341  |q (vázáno) :  |c Kč 299,00 
040 |a ABG001  |b cze  |e rda 
041 1 |a cze  |h eng 
072 7 |a 821-93  |x Literatura pro děti a mládež (beletrie)  |2 Konspekt  |9 26 
080 |a 821-32  |2 MRF 
080 |a 821-93  |2 MRF 
080 |a (0:82-32)  |2 MRF 
100 1 |a Behling, Steve  |7 ola20181014504  |4 adp  |9 109281 
240 1 0 |a Spidey and his amazing friends.  |l Česky 
245 1 0 |a Spidey a jeho úžasní přátelé :  |b nové příběhy před usnutím /  |c Steve Behling, Jack Palfrey ; z anglických originálů ... přeložil Lukáš Potužník 
246 1 4 |a Nové příběhy před usnutím 
250 |a 1. vydání 
264 1 |a V Praze :  |b Alicanto,  |c 2026 
300 |a 68 stran :  |b barevné ilustrace ;  |c 23 cm 
336 |a text  |b txt  |2 rdacontent 
336 |a statický obraz  |b sti  |2 rdacontent 
337 |a bez média  |b n  |2 rdamedia 
338 |a svazek  |b nc  |2 rdacarrier 
490 1 |a Disney Junior 
500 |a Na titulním listě uveden nad názvem původní nakladatel: Marvel 
505 0 0 |t Spin spěchá na pomoc --  |t Veselé pavoučí Vánoce --  |t Pirátské dobrodružství 
520 2 |a Další dobrodružství superhrdinů. Tři dobrodružné příběhy sehrané party Spidey. 
521 8 |a Pro děti od 4 let 
655 7 |a příběhy  |7 fd133204  |2 czenas  |9 357 
655 7 |a publikace pro děti  |7 fd133156  |2 czenas  |9 23 
655 9 |a stories  |2 eczenas 
655 9 |a children's literature  |2 eczenas 
700 1 |a Palfrey, Jack  |7 xx0344918  |4 adp  |9 117350 
700 1 |a Potužník, Lukáš  |7 xx0276333  |4 trl  |9 114718 
700 1 2 |a Behling, Steve.  |t Spin saves the day. 
700 1 2 |a Behling, Steve.  |t Merry Spidey Christmas. 
700 1 2 |a Behling, Steve.  |t Pirate plunder blunder. 
710 2 |a Alicanto (nakladatelství)  |7 xx0341991  |4 pbl  |9 117187 
830 0 |a Disney Junior (Alicanto) 
910 |a UOG502 
942 |2 ddc  |c KN 
999 |d 106340 
993 |0 0  |1 421180107061  |2 ddc  |4 0  |6 M  |7 0  |9 99722  |b 0  |c 107061  |d 2026-05-14  |e 0  |f M  |g M  |h 299.00  |i Koupě  |l M  |r 2026-05-14  |t 8  |w 2026-05-14  |y KN  |z BELET  |n